Histoire et doctrines économiques de l'Angleterre, (Record no. 22524)

MARC details
000 -LEADER
fixed length control field 01132cam a22003011 4500
001 - CONTROL NUMBER
control field f 01001073
003 - CONTROL NUMBER IDENTIFIER
control field DLC
005 - DATE AND TIME OF LATEST TRANSACTION
control field 20260227111239.0
008 - FIXED-LENGTH DATA ELEMENTS--GENERAL INFORMATION
fixed length control field 890622s1900 fr b 000 0 fre
010 ## - LIBRARY OF CONGRESS CONTROL NUMBER
LC control number f 01001073
035 ## - SYSTEM CONTROL NUMBER
System control number (OCoLC)19909375
040 ## - CATALOGING SOURCE
Original cataloging agency DLC
Transcribing agency TxU
Modifying agency TxU
-- OCoLC
-- DLC
041 1# - LANGUAGE CODE
Language code of text/sound track or separate title fre
Language code of original eng
042 ## - AUTHENTICATION CODE
Authentication code premarc
050 00 - LIBRARY OF CONGRESS CALL NUMBER
Classification number HC254
Item number .A8
100 1# - MAIN ENTRY--PERSONAL NAME
Personal name Ashley, W. J.
Fuller form of name (William James),
Dates associated with a name 1860-1927.
240 10 - UNIFORM TITLE
Uniform title Introduction to English economic history and theory.
Language of a work French
245 10 - TITLE STATEMENT
Title Histoire et doctrines économiques de l'Angleterre,
Statement of responsibility, etc. par W.J. Ashley ... Tr. sur la 3. éd. anglaise, rev. par l'auteur ...
260 ## - PUBLICATION, DISTRIBUTION, ETC.
Place of publication, distribution, etc. Paris,
Name of publisher, distributor, etc. V. Giard & E. Brière,
Date of publication, distribution, etc. 1900.
300 ## - PHYSICAL DESCRIPTION
Extent 2 v.
Dimensions 23 cm.
490 0# - SERIES STATEMENT
Series statement Bibliothèque internationale d'économie politique
504 ## - BIBLIOGRAPHY, ETC. NOTE
Bibliography, etc. note Bibliographies at beginning of each chapter.
505 0# - FORMATTED CONTENTS NOTE
Formatted contents note I. Le moyen âge; tr. par P. Bondois.--II. La fin du moyen âge; tr. par S. Bouyssy.
650 #0 - SUBJECT ADDED ENTRY--TOPICAL TERM
Topical term or geographic name entry element Economics
Geographic subdivision Great Britain
General subdivision History.
651 #0 - SUBJECT ADDED ENTRY--GEOGRAPHIC NAME
Geographic name Great Britain
General subdivision Economic conditions.
700 1# - ADDED ENTRY--PERSONAL NAME
Personal name Bondois, Paul,
Dates associated with a name 1850-
Relator term tr.
700 1# - ADDED ENTRY--PERSONAL NAME
Personal name Bouyssy, Savinien,
Relator term tr.

No items available.

Powered by Koha